000 01013nam a2200337 a 4500
001 4323560
003 OSt
005 20140310182713.0
008 871231r19741973nyu 000 0 eng
010 _a 87410243
020 _a0451150287 (pbk.)
040 _aDLC
_cDLC
_dDLC
043 _an-us---
050 0 0 _aBF 637
_b .L192 1973
082 0 0 _aM 640.43
_bL14 1973
100 1 _aLakein, Alan.
245 1 0 _aHow to get control of your time and your life /
_cLakein, Alan
260 _aNew York, N.Y. :
_bNew American Library,
_cc1973.
300 _ax, 160 p. ;
_c18 cm.
500 _a"A famous expert reveals his professional secrets!"--Cover.
500 _a"A Signet book."
521 _acollege students
526 _c1210L to 17000L
541 _j1
541 _j2
562 _efor circulation : 2 copies in the collection
650 0 _aTime management
_zUnited States.
650 0 _aSuccess.
906 _a7
_bcbc
_corignew
_d2
_encip
_f19
_gy-gencatlg
942 _2lcc
_cBK
_kM
999 _c15257
_d15257